Indian horticulture (Record no. 26559)

MARC details
000 -LEADER
fixed length control field 00652nam a22001937a 4500
005 - DATE AND TIME OF LATEST TRANSACTION
control field 20090519113259.0
008 - FIXED-LENGTH DATA ELEMENTS--GENERAL INFORMATION
fixed length control field 090519t xxu||||| |||| 00| 0 eng d
022 ## - INTERNATIONAL STANDARD SERIAL NUMBER
International Standard Serial Number 0019-4875
040 ## - CATALOGING SOURCE
Original cataloging agency dpl
Transcribing agency dbad
082 ## - DEWEY DECIMAL CLASSIFICATION NUMBER
Classification number 630
245 ## - TITLE STATEMENT
Title Indian horticulture
260 ## - PUBLICATION, DISTRIBUTION, ETC. (IMPRINT)
Place of publication, distribution, etc New Delhi
Name of publisher, distributor, etc Indian Council of Agricultural Research
Date of publication, distribution, etc 2009-
300 ## - PHYSICAL DESCRIPTION
Extent v.
Dimensions 24 cm
310 ## - CURRENT PUBLICATION FREQUENCY
Current publication frequency Bimonthly
650 ## - SUBJECT ADDED ENTRY--TOPICAL TERM
Topical term or geographic name as entry element Agriculture
270 ## - ADDRESS
Address Krishi Anusandhan Bhavan, PUSA
City New Delhi
Postal code 110012
Telephone number 25843657
Electronic mail address bmicar@icar.org.in
942 ## - ADDED ENTRY ELEMENTS (KOHA)
Source of classification or shelving scheme Dewey Decimal Classification
Item type Periodicals
Serial record 1
Classification part 630
Call number suffix IND
Holdings
Withdrawn status Lost status Source of classification or shelving scheme Damaged status Not for loan Collection code Home library Current library Date acquired Total Checkouts Full call number Date last seen Price effective from Koha item type
    Dewey Decimal Classification   Not For Loan Non-fiction D.B.Act.Division D.B.Act.Division 19/05/2009   630 IND 19/05/2009 19/05/2009 Periodicals

© Delhi Public Library
Hit Counter
free hit counter